مكتبة جامعة عجلون الوطنية

فهرس بحث المكتبة

Normal view MARC view
  • الأدب العربي - القصة القصيرة - تاريخ ونقد - ببليوجرافيا - مصر

Entry Topical Term

Number of records used in: 1

001 - CONTROL NUMBER

  • control field: 23413

003 - CONTROL NUMBER IDENTIFIER

  • control field: JO-AjAnu

005 - DATE AND TIME OF LATEST TRANSACTION

  • control field: 20230606074027.0

008 - FIXED-LENGTH DATA ELEMENTS

  • fixed length control field: 230606|| aca||aabn | a|a d

040 ## - CATALOGING SOURCE

  • Original cataloging agency: JO-AjAnu
  • Transcribing agency: JO-AjAnu

150 ## - HEADING--TOPICAL TERM

  • Topical term or geographic name entry element: الأدب العربي - القصة القصيرة - تاريخ ونقد - ببليوجرافيا - مصر

670 ## - SOURCE DATA FOUND

  • Source citation: Work cat.: (JO-AjAnu)12033: سليم،محمد مصطفى, author 23412, القصة وجدل النوع: رؤية توصيفية وببليوجرافية للقصة القصيرة المصرية (1975م - 2000م)